000 00777nam a2200241 i 4500
001 C2-0285092
003 PPAK
005 20180728014832.0
008 071218s1979 my |||| ||||| | eng d
040 _aPPAK
_beng
_cPPAK
_erda
082 0 4 _a338.9595
_223
090 0 0 _a338.9595
_bGOV
_dKK
110 2 _aGovernment of Malaysia
245 0 0 _aCriteria for feasibility study analysis:
_bPresented at the project planning course Pulau Langkawi, Kedah: Februari 1979
264 1 _aKedah :
_bState Economic Planning Unit ,
_c1979
300 _a4 pages ;
_c29 cm
336 _2rdacontent
_atext
337 _2rdamedia
_aunmediated
338 _2rdacarrier
_avolume
650 1 0 _aMalaysia - Economic development
710 2 _aGovernment of Malaysia
_eorganizer
942 _ddc
_cB
999 _c91012
_d91012